00348nam a2200133Ia 45000030006000000080041000060400015000471000019000622450061000812500010001422600033001525460012001850050017001970STCL150530s9999 xx 000 0 und d aSTCLcSTCL aCurr, R.H.; Ed aPlutarchs lives of coriolanus caesar brutus and antonius aFirst bOxford Clarendon pressc1906 aEnglish20220125170849.0